000 00924 a2200193 4500
003 Nust
005 20221128121400.0
010 _a 86008163
020 _a0135961238 :
040 _cNust
082 0 0 _a530,OHA
100 1 _aOhanian, Hans C.
_98810
245 1 0 _aModern physics /
_cHans C. Ohanian.
260 _aEnglewood Cliffs, NJ :
_bPrentice-Hall,
_cc1987.
300 _axii, 543 p. :
_bill. ;
_c25 cm.
505 _aParticles and Waves in Classical Physics (Page-1), The Theory of Special Relativity (Page-64), Quanta of Energy (Page-106), Atomic Structure and Spectral Lines (Page-139), Wave Mechanics I-Free Particles (Page-179), Wave Mechanics II-Particles in Potentials (Page-215), Spin and the Exclusion Principle (Page-256), Electrons in Solids (Page-310), Nuclear Structure (Page-352), Nuclear Transmutations (Page-393), Elementary Particles (Page-438).
650 0 _aPhysics.
942 _2ddc
_cBK
_k530,OHA
999 _c189571
_d189571